|
|
|
|
| LEADER |
00000cam a2200000 a 4500 |
| 001 |
vtls010575267 |
| 003 |
SK-MaSNL |
| 005 |
20260301214944.0 |
| 008 |
160429s2013 xo oa g 000 mdslo |
| 015 |
|
|
|a SNBA2014/03
|
| 020 |
|
|
|a 9788089388516 (brož.)
|
| 035 |
|
|
|a CC484FCC-0E6E-4EA3-9D1A-8061BB67256F
|
| 035 |
|
|
|a urn:nbn:sk:snk-amjz1x
|
| 035 |
|
|
|a urn:nbn:sk:snk-am0085wu
|
| 040 |
|
|
|a SNK
|b slo
|c SNK
|e AACR2
|
| 041 |
0 |
|
|a slo
|
| 043 |
|
|
|a e-xo---
|
| 044 |
|
|
|a xo
|c SK
|
| 072 |
|
7 |
|a 821.162.4
|x Slovenská literatúra
|2 konspekt
|
| 080 |
|
|
|a 82:061
|2 2001
|
| 080 |
|
|
|a 821.162.4
|2 2001
|
| 080 |
|
|
|a 821.162.4-32
|2 2001
|
| 080 |
|
|
|a 821.162.4-1
|2 2001
|
| 080 |
|
|
|a (082)
|2 2001
|
| 080 |
|
|
|a (437.6)
|2 2001
|
| 245 |
0 |
0 |
|a Ako sme prežili koniec sveta
|b zborník literárneho klubu LITERA 2
|c [zostavovateľky: Jana Borguľová, Zlata Troligová]
|
| 246 |
3 |
0 |
|a Zborník literárneho klubu LITERA 2
|
| 250 |
|
|
|a 1. vyd.
|
| 260 |
|
|
|a Banská Bystrica
|b Štátna vedecká knižnica - Literárne a hudobné múzeum
|c 2013
|
| 300 |
|
|
|a 69 s.
|b fotogr., ilustr.
|c 21 cm
|
| 500 |
|
|
|a Biogr. údaje
|
| 610 |
2 |
7 |
|a Litera 2 (literárny klub)
|2 SNKKA
|9 241877
|
| 650 |
0 |
7 |
|a literárne kluby
|2 SNKPH
|9 29112
|
| 650 |
0 |
7 |
|a Literary clubs
|2 SNKPHeng
|9 265009
|
| 650 |
0 |
7 |
|a slovenská literatúra
|2 SNKPH
|9 1115
|
| 650 |
0 |
7 |
|a Slovak literature
|2 SNKPHeng
|9 265073
|
| 651 |
|
7 |
|a Banská Bystrica (Slovensko)
|2 SNKPH
|9 22015
|
| 651 |
|
7 |
|a Banská Bystrica (Slovakia)
|2 SNKPHeng
|9 243794
|
| 655 |
|
7 |
|a slovenské poviedky
|2 SNKPH
|9 70226
|
| 655 |
|
7 |
|a slovenská poézia
|2 SNKPH
|9 70444
|
| 655 |
|
7 |
|a Slovak short stories
|2 SNKPHeng
|9 309577
|
| 655 |
|
7 |
|a Slovak poetry
|2 SNKPHeng
|9 265010
|
| 655 |
|
7 |
|a Miscellanea
|2 SNKPHeng
|9 265155
|
| 655 |
|
7 |
|a zborníky
|2 SNKPH
|9 70165
|
| 700 |
|
|
|a Borguľová, Jana,
|d 1951-
|4 com
|9 91159
|
| 700 |
|
|
|a Troligová, Zlata,
|d 1956-
|4 com
|9 438812
|
| 852 |
|
|
|a Štátna vedecká knižnica v Banskej Bystrici
|
| 919 |
|
|
|a 978-80-89388-51-6
|
| 958 |
|
|
|a OND
|
| 958 |
|
|
|a LX
|
| 999 |
|
|
|c 926413
|d 928343
|
| 952 |
|
|
|a SNK
|b SNK
|y PREZ
|7 0
|p 17A1104296
|o snkSC 158180
|i snk2014/4377
|8 0
|0 0
|1 0
|4 0
|d 2014-02-12
|f 1
|l 0
|r 2025-08-20 00:00:00
|w 2026-02-24
|
| 952 |
|
|
|a SNK
|b SNK
|y VYP
|7 0
|p 17A1104295
|o snkSC 158180 D1
|i snk2014/4378
|8 0
|0 0
|1 0
|4 0
|d 2014-02-12
|l 0
|r 2026-02-24 08:32:45
|w 2026-02-24
|